000 00592nam a22002057a 4500
005 20191122155302.0
008 191122b xxu||||| |||| 00| 0 eng d
020 _a9781442221932
_cRs.2250.49
040 _aLoreto College
041 _aEnglish
082 _a951
_bSMI
100 _aSmith,Richard J.
245 _aThe Qing dynasty and traditional Chinese culture
_cRichard J.Smith
260 _aMaryland
_bRowman & Littlefield
_c2015
300 _axii,612p
_b22cm
504 _aIncludes bibliographical references and index
650 _aHistory
_zChina
850 _aLCLIB
942 _cBK
999 _c42471
_d92950